Cẩm nang điều trị trong gia đình = The doctors book of home remedies : thousands of tips and teachniques anyone can use to heal everyday health problems
Enregistré dans:
| Auteur principal: | |
|---|---|
| Format: | Livre |
| Langue: | Undetermined |
| Publié: |
Tp HCM
Trẻ
1994
|
| Sujets: | |
| Tags: |
Ajouter un tag
Pas de tags, Soyez le premier à ajouter un tag!
|
| Thư viện lưu trữ: | Trung tâm Học liệu Trường Đại học Cần Thơ |
|---|
| LEADER | 00611nam a2200181Ia 4500 | ||
|---|---|---|---|
| 001 | CTU_7415 | ||
| 008 | 210402s9999 xx 000 0 und d | ||
| 082 | |a 615.502 | ||
| 082 | |b B265 | ||
| 100 | |a Don Barone | ||
| 245 | 0 | |a Cẩm nang điều trị trong gia đình | |
| 245 | 0 | |b = The doctors book of home remedies : thousands of tips and teachniques anyone can use to heal everyday health problems | |
| 245 | 0 | |c Don Barone; Dịch giả: Hoàng Ninh Hùng | |
| 260 | |a Tp HCM | ||
| 260 | |b Trẻ | ||
| 260 | |c 1994 | ||
| 650 | |a therapeutics | ||
| 980 | |a Trung tâm Học liệu Trường Đại học Cần Thơ | ||